| 000 | 01672cam a2200373 i 4500 | ||
|---|---|---|---|
| 001 | 21266794 | ||
| 003 | EG-ScBUE | ||
| 005 | 20230511092514.0 | ||
| 008 | 191023t2020 caua f b 001 0 eng d | ||
| 020 | _a9781440864575 | ||
| 040 |
_aDLC _beng _erda _cDLC _dDLC _dEG-ScBUE |
||
| 043 | _an-us--- | ||
| 082 | 0 | 4 |
_a391.00973 _222 _bART |
| 245 | 0 | 0 |
_aArtifacts from American fashion / _cHeather Vaughan Lee, editor. |
| 264 | 1 |
_aSanta Barbara, California : _bGreenwood Press / ABC-CLIO, _c[2020] |
|
| 264 | 4 | _cc2020 | |
| 300 |
_axxvi, 378 pages : _billustrations ; _c29 cm. |
||
| 336 |
_atext _btxt _2rdacontent |
||
| 337 |
_aunmediated _bn _2rdamedia |
||
| 338 |
_avolume _bnc _2rdacarrier |
||
| 490 | 0 | _aDaily life through artifacts | |
| 504 | _aIncludes bibliographical references and index. | ||
| 520 |
_a"Clothing and fashion accessories can serve as valuable primary sources for learning about our history. This unique book examines daily life in twentieth-century America through the lens of fashion and clothing"-- _cProvided by publisher. |
||
| 650 | 7 |
_aClothing and dress _zUnited States _xHistory. _2BUEsh |
|
| 650 | 7 |
_aFashion _zUnited States _xHistory. _2BUEsh |
|
| 651 | 7 |
_aUnited States _xSocial life and customs. _2BUEsh |
|
| 653 |
_bART _cMay2023 |
||
| 655 | _vReading book | ||
| 700 | 1 |
_aLee, Heather Vaughan, _eeditor. |
|
| 776 | 0 | 8 |
_iOnline version: _tArtifacts from American fashion _dSanta Barbara, California : ABC-CLIO, 2020. _z9781440864582 _w(DLC) 2019046703 |
| 906 |
_a7 _bcbc _corignew _d1 _eecip _f20 _gy-gencatlg |
||
| 942 |
_2ddc _cBB |
||
| 999 |
_c30323 _d30294 |
||